| 000 | 00654nam a2200205 i 4500 | ||
|---|---|---|---|
| 001 | 52630 | ||
| 003 | ES-MaACL | ||
| 005 | 20230906162621.0 | ||
| 007 | t| | ||
| 008 | 030902s1956 sp ||||1| spa d | ||
| 100 | 1 |
_aDawson, Christopher. _943009 |
|
| 245 | 1 | 0 |
_aEnsayos acerca de la Edad Media / _cChristopher Dawson ; traducción del inglés por Justo Fernández Buján. |
| 260 |
_aMadrid : _bAguilar, _c1956 ( _fArgüelles) |
||
| 300 |
_a331 p. ; _c21 cm. |
||
| 490 | 1 | _aColección literaria | |
| 700 | 1 |
_aFernández Buján, Justo. _949527 |
|
| 830 | 0 |
_aColección literaria _9179831 |
|
| 852 |
_aES-MaACL _jC-10402 _bR.38495 |
||
| 999 |
_c52630 _d52630 |
||